000 00792nam a22002297i 4500
999 _c23012
_d23012
003 AR-CdUCM
008 240827b20222022 sp||||| |||| 00| 0 spa d
020 _a978-84-949493-0-2
040 _aMUNICIPALIDAD PROVINCIAL DEL CUSCO
_cBIBLIOTECA MUNICIPAL DEL CUSCO
041 _hspa
082 _a158 / H22A
_b H22A
100 _aHarvard Business Review
_950273
245 _aEl auténtico liderazgo :
_b Inteligencia Emocional /
260 _aEspaña :
_bReverté Management,
_c2022
300 _a161 páginas. :
_c18 cm
505 _aDescubre tu auténtico liderazgo -- Practica una empatía fuerte -- ¿Los líderes son demasiado sensibles?
650 _aLiderazgo
_93124
650 _aCoaching
_950238
650 _aMindfulness
_950274
942 _2ddc
_cLIBROS
945 _apbj
_d2024-08-27